| 000 | 01048nam a2200241 i 4500 | ||
|---|---|---|---|
| 001 | 177666 | ||
| 003 | ES-MaACL | ||
| 005 | 20250726075519.0 | ||
| 008 | 110411m18721885fr |||| | fre d | ||
| 080 | _a940"476/687"(093)(04) | ||
| 100 | 1 |
_aMonod, Gabriel. _982255 |
|
| 245 | 1 | 0 |
_aÉtudes critiques sur les sources del'histoire mérovingienne / _cpar Gabriel Monod. |
| 260 |
_aParis : _bA. Franck, _c1872-1885. |
||
| 300 |
_a2 v. ; _c25 cm. |
||
| 490 | 1 |
_aBibliothèque de l'École des hautes études. Sciences philologiques et historiques ; _vfasc. 8, 63 |
|
| 505 | 8 | _aContiene: 1. Introduction ; Grégoire de Tours, Marius d'Avenches - 2. La compilation dite de "Frédégaire" | |
| 600 | 1 | 4 |
_aGregorio de Tours _cSanto. _9111152 |
| 651 | 4 |
_aFrancia- _xHistoria- _y476-687, Merovingios. _9146090 |
|
| 700 | 1 |
_aFredegarius, Scholasticus. _9146092 |
|
| 830 | 1 | 0 |
_aBibliothèque de l'École des Hautes Études. Sciences historiques et philologiques _vfasc. 8, 63 _9229685 |
| 852 |
_aES-MaACL _jC-7552-53 |
||
| 999 |
_c177666 _d177666 |
||